Crímenes célebres españoles / (Record no. 24713)

MARC details
000 -LEADER
campo de control de longitud fija 00518nam a2200169 i 4500
001 - NÚMERO DE CONTROL
campo de control 24713
003 - IDENTIFICADOR DE NÚMERO DE CONTROL
campo de control ES-MaACL
005 - FECHA Y HORA DE LA ÚLTIMA TRANSACCIÓN
campo de control 20250905131116.0
007 - CAMPO FIJO DE DESCRIPCIÓN FÍSICA--INFORMACIÓN GENERAL
campo de control de longitud fija t|
008 - DATOS DE LONGITUD FIJA--INFORMACIÓN GENERAL
campo de control de longitud fija 021218s1859 sp ||||1| spa d
245 00 - MENCIÓN DEL TÍTULO
Título Crímenes célebres españoles /
Mención de responsabilidad, etc. colección dirigida por Manuel Angelón.
260 ## - PUBLICACIÓN, DISTRIBUCIÓN, ETC.
Lugar de publicación, distribución, etc. Madrid, etc. :
Nombre del editor, distribuidor, etc. Salvador Montserrat,
Fecha de publicación, distribución, etc. 1859 (
Fabricante Luis Tasso)
300 ## - DESCRIPCIÓN FÍSICA
Extensión 796 p. :
Otras características físicas il. ;
Dimensiones 24 cm.
700 1# - ENTRADA AGREGADA--NOMBRE PERSONAL
Nombre de persona Angelón, Manuel,
Fechas asociadas al nombre 1831-1889
9 (RLIN) 21725
852 ## - LOCALIZACIÓN
Ubicación ES-MaACL
Número de control de estantería C-2125
Holdings
Estatus retirado Estado de pérdida Estado de daño No para préstamo Colección Biblioteca de origen Biblioteca actual Ubicación en estantería Fecha de adquisición Fuente de adquisición Total de préstamos Signatura topográfica completa Código de barras Visto por última vez Precio de reemplazo Tipo de ítem Koha
        Libros del s. XIX Biblioteca del Ateneo de Madrid Biblioteca del Ateneo de Madrid Sala Palomar 17/01/2008     C-2125 1025480 23/02/2023 23/02/2023 Libro impreso antiguo